| 000 | 01504nam0a2200301 4500 | ||
|---|---|---|---|
| 001 | RU\NLR\BIBL_A\011428424 | ||
| 005 | 20241102073748.0 | ||
| 010 |
_a9785906088376 _91000 |
||
| 021 |
_aRU _b2017-42872 _93120 |
||
| 035 | _a(RuMoRGB)008908381 | ||
| 035 | _a(NLR Aleph) 011428424 | ||
| 090 |
_a11640155 _c11640155 |
||
| 100 | _a20170629d2017 u y0rusy50 ca | ||
| 101 | 0 | _arus | |
| 102 | _aRU | ||
| 105 | _aa zzjz0|000zy | ||
| 200 | 1 |
_aПособие дежурному по железнодорожной станции _eучебное пособие _eдля профессионального обучения дежурных по железнодорожной станции _fИ. А. Сбродова |
|
| 210 |
_aМосква _cМаршрут _cАвтограф _d2017 |
||
| 215 |
_a154, [1] с. _cтабл. _d21 |
||
| 320 | _aБиблиогр.: с. 153 (3 назв.) | ||
| 606 |
_aЖелезнодорожные станции _jУчебные издания для повышения квалификации _xДиспетчерская система _91299251 _3RU\NLR\AUTH\66220517 |
||
| 606 | 1 |
_aЖелезнодорожные станции _jУчебные издания для повышения квалификации _xЭксплуатация _91029339 _3RU\NLR\AUTH\66394516 |
|
| 686 | 1 | _aО280.250.31я77-1 | |
| 700 | 1 |
_aСбродова _bИ. А. _gИрина Анатольевна |
|
| 942 | _cBOOK | ||
| 980 | _aNBR | ||